书目信息 |
| 题名: |
图书馆阅读推广活动与服务创新
|
|
| 作者: | 崔波 , 曹炳霞 , 郭文玲 主编 | |
| 分册: | ||
| 出版信息: | 上海 上海交通大学出版社 2023.12 |
|
| 页数: | 236页 | |
| 开本: | 20cm | |
| 丛书名: | ||
| 单 册: | ||
| 中图分类: | G252.17 | |
| 科图分类: | ||
| 主题词: | 图书馆学 , 图书馆事业 | |
| 电子资源: | ||
| ISBN: | 978-7-313-29960-4 | |
| 000 | 00751nam0 2200229 450 | |
| 001 | 2437057851 | |
| 005 | 20240522102217.62 | |
| 010 | @a978-7-313-29960-4@dCNY68.00 | |
| 100 | @a20240522d2023 km y0chiy0120 ea | |
| 101 | 0 | @achi |
| 102 | @aCN@b310000 | |
| 200 | 1 | @a图书馆阅读推广活动与服务创新@ATu Shu Guan Yue Du Tui Guang Huo Dong Yu Fu Wu Chuang Xin@f崔波,曹炳霞,郭文玲主编@FCui Bo,Cao Bing Xia,Guo Wen Ling Zhu Bian |
| 210 | @a上海@c上海交通大学出版社@d2023.12 | |
| 215 | @a236页@d20cm | |
| 606 | 0 | @a图书馆学 |
| 606 | 0 | @a图书馆事业 |
| 690 | @aG252.17@v4 | |
| 701 | 0 | @a崔波@ACui Bo@4主编 |
| 701 | 0 | @a曹炳霞@ACao Bing Xia@4主编 |
| 701 | 0 | @a郭文玲@AGuo Wen Ling@4主编 |
| 801 | 0 | @aCN@b河南城建学院图书馆@c20240522 |
| 905 | @dG252.17@eC968 | |
| 图书馆阅读推广活动与服务创新/崔波,曹炳霞,郭文玲主编.-上海:上海交通大学出版社,2023.12 |
| 236页;20cm |
| ISBN 978-7-313-29960-4:CNY68.00 |
| ● |
| 相关链接 |
|
|
|
正题名:图书馆阅读推广活动与服务创新
索取号:G252.17/C968
 
预约/预借
| 序号 | 登录号 | 条形码 | 馆藏地/架位号 | 状态 | 备注 |
| 1 | 1552719 | 215527197 | 社科库409/409社科库 99排1列1层/ [索取号:G252.17/C968] | 在馆 | |
| 2 | 1552720 | 215527204 | 社科库409/409社科库 59排2列4层/ [索取号:G252.17/C968] | 在馆 | |
| 3 | 1552721 | 215527213 | 社科库409/409社科库 59排2列4层/ [索取号:G252.17/C968] | 在馆 | |
| 4 | 1552722 | 215527222 | 社科库409/409社科库 59排2列4层/ [索取号:G252.17/C968] | 在馆 | |
| 5 | 1552723 | 215527231 | 社科库409/409社科库 59排2列4层/ [索取号:G252.17/C968] | 在馆 |